000 01013nam a22003377a 4500
001 BR0303922
003 BR-BrBNA
005 20230928101348.0
007 ta
008 230509b bl.||||| |||| 00| 0 por d
040 _aBR-BrBNA
_bpor
_cBiblioteca Nacional de Agricultura
041 _a(Por)
072 _aK10
090 _ K10 BR0303922
100 1 _aVieira, S.A.
110 1 _aCentro de Energia Nuclear na Agricultura, Piracicaba, SP (Brasil)
_0Tese (Doutor em Ciências)
245 1 _aMudanças globais e taxa de crescimento arbóreo na Amazônia
260 3 _aPiracicaba, SP (Brasil):
_c2003.
300 _a103 p.
500 _aSummaries (Eng, Por); Bibliography p. 86-103; 14 tables; 21 illus.
650 _aFLORESTA TROPICAL
650 _aDENDROMETRIA
650 _aBIOMASSA
650 _aINVENTÁRIO FLORESTAL
650 _aTAXA DE CRESCIMENTO
650 _aCARBONO
650 _aVARIAÇÃO SAZONAL
650 _aAMAZÔNIA
909 _a202309
_bLucia
_c55
_dLucia Elande
942 _cBK
999 _c65450
_d65450